All Ghost type moves - Statistics

General Stats
  • This quiz has been taken 7 times
  • The average score is 22 of 30
Answer Stats
Description Answer % Correct
The target is exposed to a sinister ray that triggers confusion. Confuse Ray
100%
A move that works differently for the Ghost type than for all other types. Curse
100%
If the user faints, the user's grudge fully depletes the PP of the opponent's move that knocked it out. Grudge
100%
This relentless attack does massive damage to a target affected by status conditions. Hex
100%
The target is licked with a long tongue, causing damage. This may also leave the target with paralysis. Lick
100%
A sleeping target sees a nightmare that inflicts some damage every turn. Nightmare
100%
The user blasts the target with a gust of repulsive wind. This may also raise all the user's stats at once. Ominous Wind
100%
The user vanishes somewhere, then strikes the target on the next turn. This move hits even if the target protects itself. Phantom Force
100%
The user hurls a shadowy blob at the target. This may also lower the target's Sp. Def stat. Shadow Ball
100%
The user slashes with a sharp claw made from shadows. Critical hits land more easily. Shadow Claw
100%
The user disappears, then strikes the target on the next turn. This move hits even if the target protects itself. Shadow Force
100%
The user throws a punch from the shadows. This attack never misses. Shadow Punch
100%
The user extends its shadow and attacks the target from behind. This move always goes first. Shadow Sneak
100%
The user unleashes its grudge on the move last used by the target by cutting 4 PP from it. Spite
100%
The user takes the target trick-or-treating. This adds Ghost type to the target's type. Trick-or-Treat
100%
The user attacks the target while shouting in a startling fashion. This may also make the target flinch. Astonish
67%
After using this move, if the user faints, the Pokémon that landed the knockout hit also faints. Its chance of failing rises if it is used in succession. Destiny Bond
67%
The user emits a sinister ray to attack the target. This move can be used on the target regardless of its Abilities. Moongeist Beam
67%
Deep-seated grudges summoned by the user's Z-Power trap the target. The power varies, depending on the original move. Never-Ending Nightmare
67%
The user attacks the target by controlling the target's item. The move fails if the target doesn't have an item. Poltergeist
67%
The user attacks by beating the target with a bone that contains a spirit. This may also lower the target's Defense stat. Shadow Bone
67%
The user, Decidueye, creates countless arrows using its Z-Power and shoots the target with full force. Sinister Arrow Raid
67%
The user attacks while simultaneously stitching the target's shadow to the ground to prevent the target from escaping. Spirit Shackle
67%
A Ghost-type attack that Gigantamax Gengar use. This Pokémon steps on the opposing Pokémon's shadow to prevent them from escaping. G-Max Terror
33%
This is a Ghost-type attack Dynamax Pokémon use. This lowers the target's Defense stat. Max Phantasm
33%
After obtaining Z-Power, the user, Lunala, attacks the target with full force. This move can ignore the effect of the target's Ability. Menacing Moonraze Maelstrom
33%
The user makes the target see a frightening mirage. It inflicts damage equal to the user's level. Night Shade
33%
The user hides in the target's shadow, steals the target's stat boosts, and then attacks. Spectral Thief
33%
The user attacks by sending a frightful amount of small ghosts at opposing Pokémon. Astral Barrage
0%
After obtaining Z-Power, the user, Marshadow, punches and kicks the target consecutively with full force. Soul-Eating 7-Star Strike
0%
No matching quizzes found
Score Distribution
Percent of People with Each Score
Percentile by Number Answered
Your Score History
You have not taken this quiz